[Event "ONJK 2017 DE"]
[Site "Borne"]
[Date "2017.08.07"]
[Round "1.5"]
[White "Groen, Jari"]
[Black "Malfliet, Alexander"]
[Result "1-0"]
[WhiteElo "820"]
[BlackElo "1445"]
[PlyCount "123"]
[EventDate "2017.??.??"]

1. d4 d5 2. c4 e6 3. Nc3 Nc6 4. Nf3 Nf6 5. Bg5 Be7 6. e3 O-O 7. Bd3 Nb4 8. a3
Nxd3+ 9. Qxd3 h6 10. Bh4 Bd7 11. Bxf6 Bxf6 12. cxd5 exd5 13. Nxd5 a6 14. Nc3
Qe7 15. Rc1 Rac8 16. Kd2 Bg4 17. Rc2 c5 18. Re1 c4 19. Qe2 Qc7 20. g3 Qc6 21.
Ne5 Bxe5 22. Qxg4 Rfd8 23. Kc1 Bf6 24. Rd1 Qg2 25. h4 Qc6 26. Qe4 Qc7 27. Ne2
Re8 28. Qf3 b5 29. Qf4 Qc6 30. b3 Qb6 31. bxc4 Rxc4 32. Rxc4 bxc4 33. Rd2 Rb8
34. Qe4 Be7 35. a4 f5 36. Qc2 Ba3+ 37. Kd1 Qb1+ 38. Nc1 Rb2 39. Qxb1 Rxb1 40.
Rc2 Kf7 41. Rxc4 Kg6 42. d5 Kf6 43. Rc3 Bb2 44. Rc6+ Ke7 45. Kd2 Bxc1+ 46. Rxc1
Rxc1 47. Kxc1 Kd6 48. Kc2 Kxd5 49. Kd3 a5 50. f3 g6 51. e4+ fxe4+ 52. fxe4+ Kc5
53. Ke3 Kb4 54. e5 Kc5 55. Kf4 Kd5 56. h5 g5+ 57. Kf5 g4 58. e6 Kd6 59. Kf6 Kc5
60. e7 Kb4 61. e8=Q Kb3 62. Qe4 1-0

[Event "ONJK 2017 DE"]
[Site "Borne"]
[Date "2017.08.08"]
[Round "2.4"]
[White "Krohmer, Eric"]
[Black "Naessens, Wolf"]
[Result "1-0"]
[WhiteElo "1055"]
[BlackElo "1453"]
[PlyCount "28"]
[EventDate "2017.??.??"]

1. e4 e5 2. f4 Bc5 3. Nf3 Nc6 4. Bc4 d6 5. Nc3 Nge7 6. d3 a6 7. Bd2 Bd7 8. Qe2
Bg4 9. Bxf7+ Kf8 10. Bc4 Nd4 11. Nxd4 Bxe2 12. Ne6+ Ke8 13. Nxd8 Rxd8 14. Kxe2
Ra8 1-0

[Event "ONJK 2017 DE"]
[Site "Borne"]
[Date "2017.08.09"]
[Round "5.2"]
[White "Casur, Jan"]
[Black "Heskes, Lise"]
[Result "1/2-1/2"]
[BlackElo "1310"]
[WhiteElo "1526"]
[LiveChessVersion "1.4.8"]

1. e4 {[%clk 0:40:57]} c6 {[%clk 0:40:59]} 2. d3 {[%clk 0:41:18]} d5
{[%clk 0:41:26]} 3. Nd2 {[%clk 0:41:41]} dxe4 {[%clk 0:41:03]} 4. dxe4
{[%clk 0:42:02]} Nf6 {[%clk 0:39:22]} 5. h3 {[%clk 0:38:16]} e5 {[%clk 0:35:15]}
6. Ngf3 {[%clk 0:34:37]} Qc7 {[%clk 0:31:12]} 7. a4 {[%clk 0:26:54]} h6
{[%clk 0:26:12]} 8. Bc4 {[%clk 0:24:42]} a5 {[%clk 0:17:14]} 9. c3
{[%clk 0:18:45]} Bc5 {[%clk 0:15:21]} 10. Qc2 {[%clk 0:14:40]} O-O
{[%clk 0:14:24]} 11. O-O {[%clk 0:12:01]} Re8 {[%clk 0:12:23]} 12. Rb1
{[%clk 0:09:57]} Na6 {[%clk 0:08:41]} 13. Ne1 {[%clk 0:06:38]} b6
{[%clk 0:06:04]} 14. Nd3 {[%clk 0:06:04]} Bb7 {[%clk 0:04:24]} 15. Nxc5
{[%clk 0:06:19]} Nxc5 {[%clk 0:04:44]} 16. Re1 {[%clk 0:05:21]} Rad8
{[%clk 0:04:13]} 17. b4 {[%clk 0:05:09]} axb4 {[%clk 0:03:47]} 18. cxb4
{[%clk 0:05:32]} Ne6 {[%clk 0:03:50]} 19. Nf3 {[%clk 0:05:17]} Nh7
{[%clk 0:02:55]} 20. h4 {[%clk 0:04:13]} Nd4 {[%clk 0:02:33]} 21. Nxd4
{[%clk 0:04:29]} exd4 {[%clk 0:03:02]} 22. Qd3 {[%clk 0:03:16]} c5
{[%clk 0:02:51]} 23. bxc5 {[%clk 0:03:08]} bxc5 {[%clk 0:03:09]} 24. Bd2
{[%clk 0:01:45]} Ba8 {[%clk 0:02:53]} 25. a5 {[%clk 0:01:53]} Qe7
{[%clk 0:02:34]} 26. Qb3 {[%clk 0:01:09]} Qc7 {[%clk 0:02:03]} 27. Qd3
{[%clk 0:00:44]} Nf6 {[%clk 0:01:59]} 28. f3 1/2-1/2

[Event "ONJK 2017 DE"]
[Site "Borne"]
[Date "2017.08.09"]
[Round "5.5"]
[White "Arnold, Lorin"]
[Black "Zheng, Jimmy"]
[Result "0-1"]
[BlackElo "1157"]
[WhiteElo "1377"]
[LiveChessVersion "1.4.8"]

1. e4 {[%clk 0:40:59]} e5 {[%clk 0:40:57]} 2. Nf3 {[%clk 0:41:26]} Nc6
{[%clk 0:41:24]} 3. Bc4 {[%clk 0:41:51]} Bc5 {[%clk 0:41:50]} 4. b4
{[%clk 0:42:18]} Bxb4 {[%clk 0:42:16]} 5. c3 {[%clk 0:42:40]} Ba5
{[%clk 0:42:45]} 6. O-O {[%clk 0:42:41]} Nf6 {[%clk 0:43:04]} 7. d4
{[%clk 0:41:23]} exd4 {[%clk 0:42:00]} 8. Nxd4 {[%clk 0:39:20]} O-O
{[%clk 0:42:13]} 9. Nxc6 {[%clk 0:36:11]} bxc6 {[%clk 0:42:33]} 10. e5
{[%clk 0:36:30]} Ne4 {[%clk 0:39:15]} 11. Qd3 {[%clk 0:33:37]} Nc5
{[%clk 0:37:58]} 12. Qg3 {[%clk 0:34:02]} d5 13. exd6 {[%clk 0:33:07]} cxd6
{[%clk 0:36:15]} 14. Bh6 {[%clk 0:33:18]} Qf6 {[%clk 0:35:55]} 15. Bg5
{[%clk 0:31:37]} Qg6 {[%clk 0:34:53]} 16. Qh4 {[%clk 0:30:42]} d5
{[%clk 0:31:22]} 17. Be2 {[%clk 0:31:01]} Ne4 {[%clk 0:31:34]} 18. Be7
{[%clk 0:27:59]} Re8 {[%clk 0:31:46]} 19. Bh5 {[%clk 0:27:41]} Qe6
{[%clk 0:30:35]} 20. Ba3 {[%clk 0:27:21]} Bd8 {[%clk 0:29:00]} 21. Qf4
{[%clk 0:27:16]} Bg5 {[%clk 0:29:01]} 22. Qf3 {[%clk 0:27:19]} g6
{[%clk 0:29:24]} 23. Bg4 {[%clk 0:26:28]} Qxg4 {[%clk 0:26:30]} 24. Qxg4
{[%clk 0:26:47]} Bxg4 {[%clk 0:26:45]} 25. f3 {[%clk 0:27:15]} Bd7
{[%clk 0:26:25]} 26. fxe4 {[%clk 0:27:30]} Rxe4 {[%clk 0:26:38]} 27. Rd1
{[%clk 0:26:56]} Rae8 {[%clk 0:25:17]} 28. Kf1 {[%clk 0:26:20]} Rf4+
{[%clk 0:24:45]} 29. Kg1 {[%clk 0:26:38]} Rfe4 {[%clk 0:25:04]} 30. Kf1
{[%clk 0:27:00]} Bf6 {[%clk 0:24:45]} 31. Nd2 {[%clk 0:26:12]} Rf4+
{[%clk 0:24:18]} 32. Kg1 {[%clk 0:25:22]} Bxc3 {[%clk 0:24:29]} 33. Rab1
{[%clk 0:25:37]} Bf5 {[%clk 0:23:49]} 34. Rbc1 {[%clk 0:25:24]} Bd4+
{[%clk 0:24:10]} 35. Kh1 {[%clk 0:25:43]} Bd7 {[%clk 0:23:07]} 36. Bd6
{[%clk 0:25:52]} Rf2 {[%clk 0:22:11]} 37. Bg3 {[%clk 0:26:08]} Rfe2
{[%clk 0:22:02]} 38. Nf3 {[%clk 0:25:59]} Bf2 {[%clk 0:20:34]} 39. Bxf2
{[%clk 0:25:34]} Rxf2 {[%clk 0:20:57]} 40. Rd2 {[%clk 0:25:24]} Ree2
{[%clk 0:20:30]} 41. Rxe2 {[%clk 0:25:20]} Rxe2 {[%clk 0:20:51]} 42. Rf1
{[%clk 0:25:48]} Rxa2 43. Ne5 {[%clk 0:26:14]} Be8 {[%clk 0:21:21]} 44. h3
{[%clk 0:26:22]} a5 {[%clk 0:21:31]} 45. Rc1 {[%clk 0:25:40]} a4 {[%clk 0:21:42]}
46. Nxc6 {[%clk 0:25:29]} Bxc6 {[%clk 0:22:02]} 47. Rxc6 {[%clk 0:25:57]} Kf8
{[%clk 0:22:24]} 48. Rd6 {[%clk 0:26:21]} Rd2 {[%clk 0:22:42]} 49. Ra6
{[%clk 0:26:44]} Rd4 {[%clk 0:22:42]} 50. Ra5 {[%clk 0:26:41]} Ke7
{[%clk 0:23:03]} 51. Kg1 {[%clk 0:27:04]} Ke6 {[%clk 0:23:23]} 52. Kf2
{[%clk 0:27:29]} Re4 {[%clk 0:23:38]} 53. Kf3 {[%clk 0:27:40]} f5
{[%clk 0:23:54]} 54. Ra7 {[%clk 0:27:22]} h6 {[%clk 0:23:48]} 55. Ra6+
{[%clk 0:27:20]} Kf7 {[%clk 0:24:08]} 56. Ra7+ {[%clk 0:27:44]} Kf6
{[%clk 0:24:26]} 57. Ra6+ {[%clk 0:28:08]} Kg5 {[%clk 0:24:54]} 58. Ra5
{[%clk 0:27:56]} d4 {[%clk 0:23:09]} 59. Rxa4 {[%clk 0:28:13]} Re3+
{[%clk 0:23:35]} 60. Kf2 {[%clk 0:28:33]} Re4 {[%clk 0:23:24]} 61. Kf3
{[%clk 0:28:51]} h5 {[%clk 0:22:40]} 62. Rb4 {[%clk 0:28:22]} Kh4
{[%clk 0:22:24]} 63. Ra4 {[%clk 0:27:04]} g5 {[%clk 0:21:58]} 64. Ra5
{[%clk 0:24:11]} Re3+ {[%clk 0:22:06]} 65. Kf2 {[%clk 0:24:32]} f4
{[%clk 0:22:31]} 66. Rd5 {[%clk 0:24:44]} d3 {[%clk 0:22:53]} 67. Rd4
{[%clk 0:23:30]} Rg3 {[%clk 0:22:28]} 68. Re4 {[%clk 0:22:53]} Re3
{[%clk 0:22:05]} 69. Rd4 {[%clk 0:23:08]} Re2+ {[%clk 0:21:58]} 0-1

[Event "ONJK 2017 DE"]
[Site "Borne"]
[Date "2017.08.09"]
[Round "6.2"]
[White "De Rycke, Tyani"]
[Black "Goudriaan, Rafael"]
[Result "1-0"]
[BlackElo "1091"]
[WhiteElo "1603"]
[LiveChessVersion "1.4.8"]

1. e4 {[%clk 0:40:59]} e6 {[%clk 0:40:53]} 2. d4 {[%clk 0:41:24]} d5
{[%clk 0:41:01]} 3. exd5 {[%clk 0:41:34]} exd5 {[%clk 0:41:23]} 4. Nf3
{[%clk 0:41:46]} Nc6 {[%clk 0:41:36]} 5. Nc3 {[%clk 0:41:48]} a6 {[%clk 0:41:49]}
6. a3 {[%clk 0:42:08]} Nf6 {[%clk 0:42:08]} 7. h3 {[%clk 0:41:33]} Be7
{[%clk 0:42:19]} 8. Bd3 {[%clk 0:41:52]} h6 {[%clk 0:42:28]} 9. Bf4
{[%clk 0:41:50]} Be6 {[%clk 0:42:38]} 10. O-O {[%clk 0:41:38]} Qd7
{[%clk 0:41:16]} 11. Ne5 {[%clk 0:40:45]} Nxe5 {[%clk 0:36:26]} 12. Bxe5
{[%clk 0:40:51]} Bd6 {[%clk 0:36:35]} 13. Bxd6 {[%clk 0:40:31]} cxd6
{[%clk 0:36:32]} 14. Qf3 {[%clk 0:40:34]} O-O {[%clk 0:36:05]} 15. Rfe1
{[%clk 0:40:21]} Rac8 {[%clk 0:36:00]} 16. Qf4 {[%clk 0:37:35]} Rc6
{[%clk 0:33:27]} 17. Ne2 {[%clk 0:33:23]} Ne4 {[%clk 0:32:16]} 18. Ng3
{[%clk 0:32:14]} Ng5 {[%clk 0:31:40]} 19. Nf5 {[%clk 0:30:31]} Ne4
{[%clk 0:22:47]} 20. Ng3 {[%clk 0:29:47]} Ng5 {[%clk 0:23:09]} 21. h4
{[%clk 0:27:36]} Nh7 {[%clk 0:23:07]} 22. Nf5 {[%clk 0:26:58]} Nf6
{[%clk 0:23:22]} 23. Nxh6+ {[%clk 0:26:54]} gxh6 {[%clk 0:22:43]} 24. Qxf6
{[%clk 0:26:58]} Re8 {[%clk 0:19:41]} 25. Qxh6 {[%clk 0:27:18]} Rb6
{[%clk 0:18:53]} 26. Re3 f5 27. Rg3+ Kf7 28. Rg7+ Kf8 1-0

[Event "ONJK 2017 DE"]
[Site "Borne"]
[Date "2017.08.09"]
[Round "7.2"]
[White "De Rycke, Tyani"]
[Black "Casur, Jan"]
[Result "1/2-1/2"]
[BlackElo "1526"]
[WhiteElo "1603"]
[LiveChessVersion "1.4.8"]

1. e4 {[%clk 0:40:59]} e5 {[%clk 0:40:54]} 2. Nf3 {[%clk 0:41:24]} Nc6
{[%clk 0:41:19]} 3. Bc4 {[%clk 0:41:44]} Nf6 {[%clk 0:41:39]} 4. d3
{[%clk 0:41:52]} Bc5 {[%clk 0:41:49]} 5. Bg5 {[%clk 0:42:05]} d6 {[%clk 0:42:01]}
6. h3 {[%clk 0:42:10]} Be6 {[%clk 0:41:20]} 7. Nbd2 {[%clk 0:42:02]} Bxc4
{[%clk 0:40:00]} 8. Nxc4 {[%clk 0:42:22]} h6 {[%clk 0:37:32]} 9. Bh4
{[%clk 0:42:34]} Qe7 {[%clk 0:34:58]} 10. Ne3 {[%clk 0:41:47]} Bxe3
{[%clk 0:33:41]} 11. fxe3 {[%clk 0:42:06]} Qe6 {[%clk 0:26:01]} 12. Bxf6
{[%clk 0:40:25]} Qxf6 {[%clk 0:25:40]} 13. Qd2 {[%clk 0:40:17]} Qe6
{[%clk 0:22:50]} 14. Qc3 {[%clk 0:39:13]} O-O-O {[%clk 0:17:53]} 15. a3
{[%clk 0:38:24]} f5 {[%clk 0:17:17]} 16. exf5 {[%clk 0:37:53]} Qxf5
{[%clk 0:17:41]} 17. e4 {[%clk 0:37:17]} Qf4 {[%clk 0:17:27]} 18. Qd2
{[%clk 0:37:37]} Qxd2+ {[%clk 0:17:05]} 19. Kxd2 {[%clk 0:37:16]} Rhf8
{[%clk 0:17:16]} 20. Rhf1 {[%clk 0:37:09]} Rf6 {[%clk 0:16:46]} 21. Rae1
{[%clk 0:34:02]} Rdf8 {[%clk 0:15:08]} 22. Nh2 {[%clk 0:32:11]} Kd7
{[%clk 0:10:05]} 23. Rxf6 {[%clk 0:31:20]} Rxf6 {[%clk 0:10:31]} 24. Nf3
{[%clk 0:31:20]} Ne7 {[%clk 0:08:45]} 25. Rf1 {[%clk 0:27:10]} Ke6
{[%clk 0:07:53]} 26. Ke3 {[%clk 0:22:27]} Ng6 {[%clk 0:05:54]} 27. Nd2
{[%clk 0:22:03]} Nf4 {[%clk 0:03:50]} 28. Rf2 {[%clk 0:21:02]} Rg6
{[%clk 0:02:35]} 29. Kf3 {[%clk 0:20:21]} Nh5 {[%clk 0:02:09]} 30. Nf1
{[%clk 0:18:15]} Rf6+ {[%clk 0:01:27]} 31. Ke3 {[%clk 0:18:31]} Rxf2
{[%clk 0:01:25]} 32. Kxf2 {[%clk 0:18:55]} Nf4 {[%clk 0:01:35]} 33. Ne3
{[%clk 0:18:47]} g6 {[%clk 0:01:50]} 34. Ng4 {[%clk 0:18:14]} h5 {[%clk 0:01:50]}
35. Ne3 {[%clk 0:18:39]} Kf6 {[%clk 0:01:19]} 36. h4 {[%clk 0:14:32]} Kf7
{[%clk 0:00:46]} 37. g3 {[%clk 0:14:46]} Ne6 {[%clk 0:01:10]} 38. Nd5
{[%clk 0:11:35]} c6 {[%clk 0:01:18]} 39. Ne3 {[%clk 0:11:43]} Ke7
{[%clk 0:01:22]} 40. Nc4 {[%clk 0:11:01]} Kd7 {[%clk 0:01:27]} 41. Ke2
{[%clk 0:10:20]} Nd4+ {[%clk 0:01:30]} 42. Kd2 {[%clk 0:10:35]} b5
{[%clk 0:01:29]} 43. Ne3 {[%clk 0:10:49]} Kc7 {[%clk 0:01:25]} 44. b4
{[%clk 0:10:00]} Kb6 {[%clk 0:01:32]} 45. c3 {[%clk 0:10:05]} Ne6
{[%clk 0:01:41]} 46. Nc2 {[%clk 0:06:59]} d5 {[%clk 0:01:14]} 47. Ke3
{[%clk 0:07:12]} Kc7 {[%clk 0:01:05]} 48. d4 {[%clk 0:06:35]} Kd6
{[%clk 0:01:21]} 49. Kd3 {[%clk 0:06:22]} Nc7 {[%clk 0:01:00]} 50. Ne1
{[%clk 0:06:23]} exd4 {[%clk 0:00:58]} 51. cxd4 {[%clk 0:06:43]} dxe4+
{[%clk 0:01:09]} 52. Kxe4 {[%clk 0:07:07]} Nd5 {[%clk 0:01:18]} 53. Nc2
{[%clk 0:06:56]} Ke6 {[%clk 0:01:12]} 54. Ne1 {[%clk 0:06:37]} Nc3+
{[%clk 0:01:06]} 55. Kd3 {[%clk 0:05:53]} Nd5 {[%clk 0:00:56]} 56. Nf3
{[%clk 0:06:03]} Kf5 {[%clk 0:00:58]} 57. Ne5 {[%clk 0:04:24]} Ne7
{[%clk 0:01:13]} 58. Ke3 {[%clk 0:04:37]} Nd5+ {[%clk 0:01:09]} 59. Kf3
{[%clk 0:04:57]} Ne7 {[%clk 0:01:36]} 60. Ke3 {[%clk 0:03:26]} Nd5+
{[%clk 0:01:59]} 61. Kd3 {[%clk 0:03:52]} Ne7 {[%clk 0:02:08]} 62. Ke3
{[%clk 0:03:56]} Nd5+ {[%clk 0:02:34]} 63. Kf3 {[%clk 0:04:20]} Ne7
{[%clk 0:02:57]} 64. Nf7 {[%clk 0:02:32]} Nc8 {[%clk 0:02:31]} 65. Ne5
{[%clk 0:01:44]} Ne7 {[%clk 0:02:55]} 66. g4+ {[%clk 0:01:47]} hxg4+
{[%clk 0:03:13]} 67. Nxg4 {[%clk 0:02:14]} Ng8 {[%clk 0:02:16]} 68. Ne5
{[%clk 0:02:37]} Ne7 {[%clk 0:02:41]} 69. Nf7 {[%clk 0:02:58]} Nc8
{[%clk 0:02:38]} 70. Nh6+ {[%clk 0:03:09]} Ke6 {[%clk 0:02:37]} 71. Ke3
{[%clk 0:02:04]} Kd5 1/2-1/2

[Event "ONJK 2017 DE"]
[Site "Borne"]
[Date "2017.08.12"]
[Round "13.2"]
[White "Casur, Jan"]
[Black "Arnold, Lorin"]
[Result "1-0"]
[WhiteElo "1526"]
[BlackElo "1377"]
[PlyCount "157"]
[EventDate "2017.??.??"]

1. e4 c5 2. Nf3 Nc6 3. d3 e6 4. g3 d5 5. Bg2 Be7 6. O-O Nf6 7. Nbd2 O-O 8. Re1
Qc7 9. Nf1 Rd8 10. e5 Nd7 11. Bf4 Qb6 12. Rb1 c4 13. d4 f6 14. c3 fxe5 15. Nxe5
Ndxe5 16. Bxe5 Nxe5 17. Rxe5 Bf6 18. Re1 Qd6 19. f4 b5 20. Ne3 b4 21. Ng4 Rf8
22. Ne5 bxc3 23. bxc3 Qa3 24. Qc2 Qa5 25. Bh3 Bxe5 26. Rxe5 Rf6 27. Rbe1 Qa6
28. Qe2 Kf7 29. Qh5+ Kg8 30. Qe8+ Rf8 31. Bxe6+ Bxe6 32. Qxe6+ Qxe6 33. Rxe6
Rab8 34. R6e5 Rb2 35. R1e2 Rfb8 36. Kf2 Rxe2+ 37. Rxe2 Kf7 38. g4 Rb6 39. Kg3
Kf6 40. h4 Rb7 41. g5+ Kf7 42. f5 h6 43. Kg4 Rb8 44. Re6 Rd8 45. Ra6 Ra8 46.
gxh6 gxh6 47. Rxh6 Rg8+ 48. Rg6 Re8 49. Kf3 Rh8 50. Kg3 Re8 51. Kf3 Rh8 52. Kg3
Re8 53. Re6 Rg8+ 54. Kf4 Rh8 55. Ke5 Rxh4 56. Kxd5 Rh5 57. Re5 Rh2 58. a4 Ra2
59. a5 Rxa5+ 60. Kxc4 Ra1 61. Re6 a5 62. Ra6 a4 63. Kb4 Rf1 64. Rxa4 Rxf5 65.
c4 Ke7 66. Ra6 Rf1 67. d5 Kd7 68. Kc5 Rc1 69. d6 Rc2 70. Ra7+ Kc8 71. Kd5 Rc1
72. c5 Kb8 73. Rh7 Rd1+ 74. Kc6 Ra1 75. Rb7+ Ka8 76. d7 Ra6+ 77. Rb6 Ka7 78.
Rxa6+ Kxa6 79. d8=Q 1-0

[Event "ONJK 2017 DE"]
[Site "Borne"]
[Date "2017.08.12"]
[Round "13.4"]
[White "Slagboom, Leandro"]
[Black "Naessens, Wolf"]
[Result "1/2-1/2"]
[BlackElo "1453"]
[WhiteElo "1308"]
[LiveChessVersion "1.4.8"]

1. Nf3 {[%clk 0:40:56]} Nf6 {[%clk 0:40:54]} 2. g3 {[%clk 0:41:22]} d5
{[%clk 0:40:10]} 3. Bg2 {[%clk 0:41:30]} Nc6 {[%clk 0:40:05]} 4. O-O
{[%clk 0:41:41]} Bg4 {[%clk 0:39:56]} 5. d4 {[%clk 0:41:01]} e6 {[%clk 0:39:11]}
6. c3 {[%clk 0:40:02]} Be7 {[%clk 0:38:38]} 7. Nbd2 {[%clk 0:39:02]} O-O
{[%clk 0:38:16]} 8. Re1 {[%clk 0:38:18]} Qd7 {[%clk 0:35:13]} 9. e4
{[%clk 0:37:25]} dxe4 {[%clk 0:34:24]} 10. Nxe4 {[%clk 0:37:44]} Bf5
{[%clk 0:34:24]} 11. Nxf6+ {[%clk 0:37:32]} Bxf6 {[%clk 0:32:59]} 12. Bf4
{[%clk 0:36:06]} Rfe8 {[%clk 0:31:21]} 13. Ne5 {[%clk 0:35:22]} Bxe5
{[%clk 0:30:13]} 14. dxe5 {[%clk 0:33:24]} Qxd1 {[%clk 0:29:27]} 15. Raxd1
{[%clk 0:33:10]} Rad8 {[%clk 0:25:09]} 16. Bxc6 {[%clk 0:32:41]} bxc6
{[%clk 0:24:48]} 17. Bg5 {[%clk 0:32:34]} Rd5 {[%clk 0:23:17]} 18. c4
{[%clk 0:31:49]} Rxd1 {[%clk 0:21:34]} 19. Rxd1 {[%clk 0:32:13]} Rb8
{[%clk 0:21:50]} 20. Rd8+ {[%clk 0:32:28]} Rxd8 {[%clk 0:21:14]} 21. Bxd8
{[%clk 0:32:56]} c5 {[%clk 0:21:10]} 22. Bxc7 {[%clk 0:33:15]} Bb1
{[%clk 0:20:45]} 23. Bd6 Bxa2 24. Bxc5 a6 1/2-1/2